000 00838nam a2200241Ia 4500
003 GCL
008 140319s9999 xx 000 0 ara d
040 _aGCL /
_cGCL
082 0 4 _aد
_b050
100 1 _aفؤاد زكريا
245 1 0 _aالغرب والعالم: تاريخ الحضارة من خلال الموضوعات: القسم الثانى ( عالم المعرفة 97 ) /
_cفؤاد زكريا
700 1 _aرايلى، كافلين
700 1 _aعبدالوهاب محمد
700 1 _aهدى عبدالسميع
300 _a382 ص
490 _aعالم المعرفة
_v0
650 0 4 _aالعلوم الاجتماعية
650 0 4 _aالسياسة
650 0 4 _aالتغير الاجتماعى
650 0 4 _aالعالم - تاريخ
650 0 4 _aالعالم الحديث - تاريخ
942 _2ddc
_cBK
999 _c50441
_d50441